| 000 | 00842nam a22002535i 4500 | ||
|---|---|---|---|
| 001 | 169227 | ||
| 003 | ES-MaACL | ||
| 005 | 20230906214031.0 | ||
| 008 | 080822s2002 sp |||| | spa d | ||
| 017 | _aB-2.552-2002 | ||
| 020 | _a84-7664-757-3 | ||
| 080 | _a791.43(083.824) | ||
| 245 | 0 | 0 |
_aPantalles sensibles _b: videoart dels anys 90 / _cexposició organitzada per la Fundació "la Caixa". |
| 260 |
_aBarcelona : _bFundación "la Caixa", _c2002. |
||
| 300 |
_a83 p. : _bil. col. ; _c21 x 21 cm. |
||
| 546 | _aTexto en catalán y castellano. | ||
| 650 | 1 | 4 |
_aVideoarte- _vExposiciones. _9138308 |
| 655 | 7 |
_2tgfbne _9193628 _aCatálogos de exposiciones |
|
| 710 | 2 |
_aFundació "la Caixa" _9173255 |
|
| 740 | 0 | _aPantallas sensibles. | |
| 852 | 4 |
_aES-MaACL _jL-29549 _9R.143109 |
|
| 942 | _2udc | ||
| 999 |
_c169227 _d169227 |
||